Caperucita Roja aprende a escribir: estudios psicolingüísticos comparativos en tres lenguas
Gardado en:
| Main Authors: | , , , |
|---|---|
| Formato: | Libro |
| Idioma: | Lingua castelá |
| Publicado: |
Barcelona
Gedisa
1996
|
| Series: | Colección Lea, 10
|
| Subjects: | |
| Tags: |
Engadir etiqueta
Sen Etiquetas, Sexa o primeiro en etiquetar este rexistro!
|
MARC
| LEADER | 00000nam a2200000 a 4500 | ||
|---|---|---|---|
| 001 | UCO9550 | ||
| 003 | CL-VaPUC | ||
| 008 | 010302e19960000SP |||||||||||||||||spa|d | ||
| 020 | |a 8474325331 | ||
| 082 | 0 | 4 | |a 401.9 |b FER |2 21 |
| 100 | 1 | |a Ferreiro Schiavi, Emilia |e autora |9 590820 | |
| 700 | 0 | |a Pontecorvo, Clotilde |e author |9 454817 | |
| 700 | 0 | |a Moreira, Nadja Ribeiro |e author |9 454818 | |
| 700 | 0 | |a García Hidalgo, Isabel |e author |9 454819 | |
| 245 | 1 | 0 | |a Caperucita Roja aprende a escribir: estudios psicolingüísticos comparativos en tres lenguas |
| 300 | |a 269 p | ||
| 942 | |c BK | ||
| 945 | |d 20010302 00:00:00 |a cmena | ||
| 260 | |a Barcelona |b Gedisa |c 1996 | ||
| 500 | |a Incluye diskette con programa Textus | ||
| 650 | 0 | |a Psicolingüística |9 283371 | |
| 650 | 7 | |a LENGUA ESCRITA |2 CL-VaPUC |9 421331 | |
| 650 | 0 | |a Investigación lingüística |9 329785 | |
| 650 | 0 | |a Análisis del discurso |9 256696 | |
| 650 | 0 | |a Gramática |9 270497 | |
| 650 | 7 | |a SISTEMA TEXTUS |2 CL-VaPUC |9 454820 | |
| 583 | |a last modification |c 20010302 00:00:00 |k Rodrigo Vera | ||
| 490 | 0 | |a Colección Lea, 10 | |
| 999 | |c 293752 |d 293750 | ||
| 952 | |0 0 |1 0 |4 0 |6 401_900000000000000_FER_1996 |7 0 |8 A |9 345461 |a FDOPOS |b FDOPOS |d 2019-11-20 |i 3684512 |o 401.9 FER 1996 |p 3684512 |r 2025-01-22 |w 2019-11-20 |y BK |k MLA | ||
| 952 | |0 0 |1 0 |4 0 |6 401_900000000000000_FER_1996 |7 0 |8 A |9 345462 |a BIBEDU |b BIBEDU |d 2019-11-20 |i 406576K |o 401.9 FER 1996 |p 406576K |r 2019-11-20 |w 2019-11-20 |y BK |k PAR | ||
| 952 | |0 0 |1 0 |4 0 |6 401_900000000000000_FER_1996 |7 0 |8 A |9 345463 |a BIBEDU |b BIBEDU |d 2019-11-20 |i 4290925 |o 401.9 FER 1996 |p 4290925 |r 2019-11-20 |w 2019-11-20 |y BK |k EDI | ||